| 000 | 01283cam a2200313 a 4500 | ||
|---|---|---|---|
| 001 | 691346 | ||
| 003 | GBCCL | ||
| 005 | 20241126110353.0 | ||
| 008 | 960724s1996 miuab b 001 0 eng | ||
| 010 | _a 96032558 | ||
| 020 | _a0310208122 (alk. paper) | ||
| 020 | _a9780310208129 | ||
| 040 |
_aDLC _cDLC _dDLC |
||
| 050 | 0 | 0 |
_aBR145.2 _b.C28 1996 |
| 082 | 0 | 0 |
_a270 _220 _bCAI |
| 100 | 1 |
_aCairns, Earle Edwin, _d1910- _91932 |
|
| 245 | 1 | 0 |
_aChristianity through the centuries : _ba history of the Christian church / _cEarle E. Cairns. |
| 250 | _a3rd ed., rev. and expanded. | ||
| 260 |
_aGrand Rapids, Mich. : _bZondervan Pub., _cc1996. |
||
| 300 |
_a560 p. : _bill., maps ; _c25 cm. |
||
| 504 | _aIncludes bibliographical references and index. | ||
| 650 | 0 |
_aChurch history. _9117 |
|
| 856 | 4 | 2 |
_3Publisher description _uhttp://www.loc.gov/catdir/enhancements/fy0633/96032558-d.html |
| 856 | 4 | 1 |
_3Table of contents only _uhttp://www.loc.gov/catdir/enhancements/fy0633/96032558-t.html |
| 856 | 4 | 1 |
_3Sample text _uhttp://www.loc.gov/catdir/enhancements/fy0642/96032558-s.html |
| 906 |
_a7 _bcbc _corignew _d1 _eocip _f19 _gy-gencatlg |
||
| 942 |
_2ddc _cBK _0150 |
||
| 999 |
_c1086 _d1086 |
||